| 000 | 01101nac a22003011i 4500 | ||
|---|---|---|---|
| 003 | EG-ScBUE | ||
| 005 | 20240328094509.0 | ||
| 008 | 100913s2001 enkb f 000 0 eng d | ||
| 020 | _a0415185831 | ||
| 020 | _a9780415185837 | ||
| 035 | _a(OCoLC)ocm44914284 | ||
| 040 |
_aEG-ScBUE _beng _erda _cEG-ScBUE _dEG-ScBUE |
||
| 082 | 0 | 4 |
_a941.003 _bARN _222 |
| 100 | 1 |
_aArnold-Baker, Charles, _eauthor. _918821 |
|
| 245 | 1 | 4 |
_aThe companion to British history / _cCharles Arnold-Baker Obe, of the inner temple, barrister-at-law, formerly visitting professor to the City University. |
| 250 | _aSecond edition. | ||
| 250 | _aRevised edition. | ||
| 264 | 1 |
_aLondon ; _aNew York : _bRoutledge, _c2001. |
|
| 300 |
_aix, 1391 pages : _bmaps ; _c24 cm |
||
| 336 |
_2rdacontent _atext _btxt |
||
| 337 |
_aunmediated _2rdamedia _bn |
||
| 338 |
_avolume _bnc _2rdacarrier |
||
| 500 | _aIncludes Appendices. | ||
| 651 | 7 |
_aGreat Britain _xHistory. _2BUEsh _918820 |
|
| 655 | _vReading book | ||
| 856 | 4 | 2 |
_3Publisher description _uhttp://www.loc.gov/catdir/enhancements/fy0649/00062748-d.html |
| 942 |
_cBB _2ddc |
||
| 999 |
_c1961 _d1961 |
||